000 00208 a2200097 4500
001 2189
100 _aUSAF
245 _aFundamental of guided missiles
260 _a
_bAero Publishers
_c
090 _c1608
_d1608
942 _aNUST-CAE
_cM
_c6758
999 _c237262
_d237262